000
003170000a22001450004500
003
MACL
040
_a
MACL
090
_c
34473
_d
34471
100
_a
Ali, Dr Syed Ashfaq
245
_a
Indians Overseas
260
_b
Jai Bharat Publications House
_c
1984
350
_a
90
650
_a
Commerce
942
_c
BOOK
_k
384/Ali
999
_c
34108
_d
34108